00846cam a22002531 4500001001300000003000400013005001700017008004100034010001700075025001900092040001800111050002100129100003100150245006300181250001400244260005000258300003900308350001300347500009700360504003000457650004500487650004300532999001700575sa 68006019 DLC20260227112513.0681211s1966 pk a b 000 0 eng  asa 68006019  aPL480:P-E-1381 aDLCcDLCdDLC00aKB632b.B34 19661 aBagvi, Malik Bashir Ahmad.12aA learner's guide to the division of inheritance:bHanafi. a[1st ed.] aRawalpindi,bPakistan Research Centrec[1966] a204 p.billus. (in pocket)c22 cm. aRs. 7.25 aCover title: A learner's guide to the division of inheritance (Hanafi, Shia, Jafaria, Hindu) aBibliography: p. 105-106. 0aInheritance and succession (Islamic law) 0aInheritance and succession (Hindu law) c81070d81070